000 00513nam a22001697a 4500
999 _c3252
_d3252
008 200323b ||||| |||| 00| 0 eng d
082 0 0 _a604.2
_bB5755
100 _91437
_aBhatt, N. D.
245 1 0 _aGeometrical and machine drawing: a textbook for diploma students /
_cby N. D. Bhatt
250 _a8th ed.
260 _aAnand
_bCharotar Publications
_c1980
300 _a255 p.
365 _aRs.
_d25.00
500 _aPt.1-Geometrical drawing; Pt.2-Machine drawing
650 0 _aMechanical Drawing
942 _cBK